| 000 | 00616nam a2200133Ia 4500 | ||
|---|---|---|---|
| 008 | 171212s9999 xx 000 0 und d | ||
| 020 | _a9781925022360 | ||
| 100 | _aBehie, Alison M;Oxenham, Marc F | ||
| 245 |
_cBehie, Alison M;Oxenham, Marc F _aTaxonomic Tapestries _bThe Threads of Evolutionary, Behavioural and Conservation Research |
||
| 260 |
_bANU E Press _c2015 |
||
| 650 | _aAnthropology | ||
| 650 | _aBiology -- Classification; Biology -- Philosophy; Human ecology -- Research; Coexistence of species -- Research; Evolution (Biology) -- Research; Taxonomists | ||
| 856 | _uhttp://jstor.org/stable/j.ctt169wd9c | ||
| 999 |
_c351334 _d351334 |
||